Principles of unit operations (Record no. 3850)

000 -LEADER
fixed length control field 00624nam a2200241 i 4500
001 - CONTROL NUMBER
control field 3850
003 - CONTROL NUMBER IDENTIFIER
control field BD-DhUET
008 - FIXED-LENGTH DATA ELEMENTS--GENERAL INFORMATION
fixed length control field 780815s1980 nyua b 001 0 eng
020 ## - INTERNATIONAL STANDARD BOOK NUMBER
International Standard Book Number 0471047872
040 ## - CATALOGING SOURCE
Original cataloging agency DLC
Transcribing agency DLC
Modifying agency BD-DhUET
082 00 - DEWEY DECIMAL CLASSIFICATION NUMBER
Classification number 660.28
Item number FOU/1980
100 ## - MAIN ENTRY--PERSONAL NAME
Personal name Foust, Alan S.
245 10 - TITLE STATEMENT
Title Principles of unit operations
250 ## - EDITION STATEMENT
Edition statement 2nd ed.
260 ## - PUBLICATION, DISTRIBUTION, ETC. (IMPRINT)
Place of publication, distribution, etc. New York
Name of publisher, distributor, etc. John Wiley & Sons
Date of publication, distribution, etc. 1980
300 ## - PHYSICAL DESCRIPTION
Extent xiv, 768 p.
Other physical details ill .
Dimensions 29 cm.
504 ## - BIBLIOGRAPHY, ETC. NOTE
Bibliography, etc Includes bibliographies
650 #0 - SUBJECT ADDED ENTRY--TOPICAL TERM
Topical term or geographic name as entry element Chemical processes
700 ## - ADDED ENTRY--PERSONAL NAME
Personal name Wenzel, Leonard A.
700 ## - ADDED ENTRY--PERSONAL NAME
Personal name Clump, Curtis W.
700 ## - ADDED ENTRY--PERSONAL NAME
Personal name Maus, Louis
942 ## - ADDED ENTRY ELEMENTS (KOHA)
Koha item type General Book
Holdings
Koha issues (times borrowed) Koha normalized classification for sorting Source of classification or shelving scheme Piece designation (barcode) Date acquired Koha full call number Withdrawn status Price effective from Shelving location Not for loan Damaged status Lost status Koha item type Koha date last seen Location (home branch) Sublocation or collection (holding branch) Koha date last borrowed Copy number
 660_280000000000000_FOU_1980 901392014-11-06660.28/FOU/1980 2014-11-06Circulation section   General Book2014-11-06Central Library, BUETCentral Library, BUET 1
 660_280000000000000_FOU_1980 901402014-11-06660.28/FOU/1980 2014-11-06Circulation section   General Book2014-11-06Central Library, BUETCentral Library, BUET 2
3660_280000000000000_FOU_1980 784752015-03-28660.28/FOU/1980 2015-03-28Circulation section   General Book2025-02-23Central Library, BUETCentral Library, BUET2023-09-163
 660_280000000000000_FOU_1980 784732015-03-28660.28/FOU/1980 2015-03-28Circulation section   General Book2015-03-28Central Library, BUETCentral Library, BUET 4
1660_280000000000000_FOU_1980 784742015-03-28660.28/FOU/1980 2015-03-28Circulation section   General Book2019-02-13Central Library, BUETCentral Library, BUET2018-11-065
1660_280000000000000_FOU_1980 784722015-05-18660.28/FOU/1980 2015-05-18Circulation section   General Book2018-03-11Central Library, BUETCentral Library, BUET2018-01-166
 660_280000000000000_FOU_1980 687342015-06-30660.28/FOU/1980 2015-06-30Reading section   Reading Item2015-06-30Central Library, BUETCentral Library, BUET 9